000 00241nam a2200097Ia 4500
005 20251222114339.0
008 251222s1900||||xx |||||||||||||| ||spa||
082 _aDVD0120/V77/2001
245 0 _aAntonio Vivaldi: las cuatro estaciones
942 _cDVD
999 _c790
_d790